000
00253nam a22000977a 4500
008
230714b |||||||| |||| 00| 0 eng d
020
_a
9781974714827
100
_a
Akutami Gege
_9
7692
245
_a
Jujutsu Kaisen-6
260
_a
San Francisco
_b
Viz Media
_c
2022
999
_c
12364
_d
12364